| 000 | 00750nam a2200301Ia 4500 | ||
|---|---|---|---|
| 008 | 160803s9999 xx 000 0 und d | ||
| 020 | _a978-0142420171 | ||
| 100 | _aBauer, Joan | ||
| 245 | _aClose to famous / | ||
| 245 | _cJoan Bauer. | ||
| 260 | _aNew York : | ||
| 260 | _bScholastic Inc. | ||
| 260 | _c2011 | ||
| 300 | _a250 pages ; | ||
| 300 | _c20 cm | ||
| 500 | _aOriginally published: New York : Viking, c2011. | ||
| 650 | _aBaking -- | ||
| 650 | _aCountry life -- West Virginia -- | ||
| 650 | _aCupcakes -- | ||
| 650 | _aLiteracy -- | ||
| 650 | _aSingle-parent families -- | ||
| 650 | _xFiction. | ||
| 650 | _xFiction. | ||
| 650 | _xFiction. | ||
| 650 | _xFiction. | ||
| 650 | _xFiction. | ||
| 700 | _a540 | ||
| 999 |
_c298398 _d298398 |
||